Springhouse nurse's drug guide 2004c (Record no. 4061)
[ view plain ]
| 000 -LEADER | |
|---|---|
| fixed length control field | 00523nam a22001577a 4500 |
| 003 - CONTROL NUMBER IDENTIFIER | |
| control field | OSt |
| 005 - DATE AND TIME OF LATEST TRANSACTION | |
| control field | 20250819050732.0 |
| 008 - FIXED-LENGTH DATA ELEMENTS--GENERAL INFORMATION | |
| fixed length control field | 250819b |||||||| |||| 00| 0 eng d |
| 020 ## - INTERNATIONAL STANDARD BOOK NUMBER | |
| International Standard Book Number | 1-58255-262-2. |
| 040 ## - CATALOGING SOURCE | |
| Transcribing agency | OC |
| 082 ## - DEWEY DECIMAL CLASSIFICATION NUMBER | |
| Classification number | Circ. 615.1 S769 2004 |
| 245 ## - TITLE STATEMENT | |
| Title | Springhouse nurse's drug guide 2004c |
| 260 ## - PUBLICATION, DISTRIBUTION, ETC. | |
| Place of publication, distribution, etc. | Philadelphia : |
| Name of publisher, distributor, etc. | Lippincott Williams & Wilkins, |
| Date of publication, distribution, etc. | c2004. |
| 300 ## - PHYSICAL DESCRIPTION | |
| Extent | xvi, 1454 pages ; |
| Dimensions | 22 cm. |
| 942 ## - ADDED ENTRY ELEMENTS (KOHA) | |
| Source of classification or shelving scheme | Dewey Decimal Classification |
| Koha item type | Book Circulation |
| Edition | 5th edition. |
| Classification part | Circ. 615.1 S769 2004 |
| Call number prefix | Circ. |
| Suppress in OPAC | No |
| 952 ## - LOCATION AND ITEM INFORMATION (KOHA) | |
| -- | |
| Withdrawn status | Lost status | Source of classification or shelving scheme | Damaged status | Not for loan | Home library | Current library | Date acquired | Source of acquisition | Cost, normal purchase price | Total Checkouts | Full call number | Barcode | Date last seen | Copy number | Price effective from | Koha item type | Uniform Resource Identifier |
|---|---|---|---|---|---|---|---|---|---|---|---|---|---|---|---|---|---|
| Dewey Decimal Classification | HM & Nursing Library | HM & Nursing Library | 09/07/2004 | School Fund | 3950.00 | Circ. 615.1 S769 2004 | CL41062 | 08/19/2025 | c1 | 08/19/2025 | BK-CIRC |